01169cam a2200397 a 4500003000900000005001700009008004100026020001500067020001800082035002700100040004400127082001900171100003100190245008400221264005100305300005600356336002100412337002500433338002300458504004000481505010900521526001000630526001000640526001000650526001000660526000800670526000800678526000800686526000800694526000800702526000800710526000800718650001900726650001200745650001400757PE-LiUPU20250731172926.0050503r1991 xxuac r 000 0 eng d a0921714025 a9780921714026 a(Sirsi) i9780921714026 aUKV3GbspacUKV3GdOCLCQdPE-LiUPUerda00a236.9bJ342231 aJeffery, Grant R.,eautor.10aMessiah :bwar in the Middle East & the road to Armageddon /cGrant R. Jeffrey. 1aToronto, Ontario. :bFrontier Research,c1994. a331 páginas :bilustraciones ;c22 centímetros. atext2rdacontent aunmediated2rdamedia avolume2rdacarrier aBibliografía : páginas 327-331. aCountdown to armageddon -- The search for the Messiah -- Jerusalem and the temple -- The coming Messiah. aSEG42 aSEG41 aSEG40 aSEG39 aP94 aP87 aP86 aP85 aP77 aP76 aP35 0aEscatología. 0aIsrael. 0aMesías.